00513nam a2200193 a 4500001001300000003000900013005001700022008004100039020000800080082002000088100001700108245002900125260004800154300000700202500003500209505004100244650001700285700001700302nice12345678IN_TiNIC20260116011427.0050524s1928 laha grp 000 0 eng  ac000a305.480297bARB aArbison, J H aHuqooq-O-Faraiz-E-Niswan aLahorebPunjab Religious Booksociety c1928 a64 aincludes index and biblioraphy2 a12 Volumes in Bounded in Six Volumes aMuslim Women1 aArbison, J H